Indentity life cycle management and access management of learning management system (LMS) through IBM tivoli indentity manager and IBM tivoli access manager for e-business (Record no. 10616)

000 -LEADER
fixed length control field 00675 a2200145 4500
082 ## - DEWEY DECIMAL CLASSIFICATION NUMBER
Classification number BIT-9
100 ## - MAIN ENTRY--PERSONAL NAME
Personal name Huma bulland
9 (RLIN) 93358
245 ## - TITLE STATEMENT
Title Indentity life cycle management and access management of learning management system (LMS) through IBM tivoli indentity manager and IBM tivoli access manager for e-business
Statement of responsibility, etc. Huma Bulland
260 ## - PUBLICATION, DISTRIBUTION, ETC.
Place of publication, distribution, etc. Islamabad
Name of publisher, distributor, etc. NUST School of Electrical Engineering and Computer Science
Date of publication, distribution, etc. 2011
300 ## - PHYSICAL DESCRIPTION
Extent 155 p.
Other physical details : ill
Dimensions ; 27cm. +
Accompanying material CD-ROM
500 ## - GENERAL NOTE
General note Supervisors : Mr. Aatif kamal, Mr.Mujtaba Haider
700 ## - ADDED ENTRY--PERSONAL NAME
Personal name Najaiha Khawar ,Zahra Khan
9 (RLIN) 93359
856 ## - ELECTRONIC LOCATION AND ACCESS
Uniform Resource Identifier <a href="http://10.250.8.41:8080/xmlui/handle/123456789/29704">http://10.250.8.41:8080/xmlui/handle/123456789/29704</a>
942 ## - ADDED ENTRY ELEMENTS (KOHA)
Koha item type Project Report
Call number prefix BIT-9 HUM
Source of classification or shelving scheme
Holdings
Withdrawn status Lost status Damaged status Not for loan Permanent Location Current Location Date acquired Full call number Barcode Date last seen Price effective from Koha item type
WITHDRAWN       Central Library (CL) Central Library (CL) 07/04/2022 BIT-9 HUM SEECSP01014 11/14/2012 01/05/2017 Project Report
© 2023 Central Library, National University of Sciences and Technology. All Rights Reserved.